000 00625cam a22002173a 4500
001 37657
003 PGUSA
005 20140828083827.0
008 111007s2011||||xxu|||||s|||||000 | eng d
040 _aPGUSA
_beng
042 _adc
100 1 _aBecket, Gilbert Abbott À
245 1 4 _aThe Comic History of Rome
_h[electronic resource] /
_cGilbert Abbott À Becket
260 _bProject Gutenberg,
_c2011
506 _aPublic domain in the USA.
516 _aElectronic text
700 1 _aLeech, John,
_d1817-1864
830 0 _aProject Gutenberg
_v37657
856 4 0 _uhttp://www.gutenberg.org/ebooks/37657
942 _cEB
999 _c266911
_d266911